De Panurge à Sancho Pança : mélanges de littérature européenne /

Gespeichert in:
Bibliographische Detailangaben
1. Verfasser: Gebhart, Emile (autor)
Format: Buch
Sprache:Französisch
Ausgabe:4a edición
Schlagworte:
Tags: Tag hinzufügen
Keine Tags, Fügen Sie das erste Tag hinzu!

MARC

LEADER 00000nam^a2200000^a^4500
001 000364851
005 20250526000000.0
009 20260310115628.208
037 |a Acervo ITESO - Biblioteca 
041 |a FRA 
082 |a 809. 03  |b GEB 
100 |a Gebhart, Emile  |e (autor) 
245 1 0 |a De Panurge à Sancho Pança :  |b mélanges de littérature européenne /  |c E. Gebhart. 
250 |a 4a edición 
264 |a París, Francia :  |b Bloud et Cíe.,  |c 1911 
300 |a VIII, 320 p. ;  |c 18.5 cm. 
336 |a texto  |b txt  |2 rdacontenido 
337 |a sin mediación  |b n  |2 rdamedio 
338 |a volumen  |b nc  |2 rdasoporte 
649 |a XX 
650 |a Sátira Francesa -  |x Historia y Crítica 
650 |a Cuentos Ingleses -  |x Historia y Crítica 
650 |a Novela Española -  |x Historia y Crítica 
650 |a Poesía Francesa -  |x Historia y Crítica 
650 |a Teatro Inglés -  |x Historia y Crítica 
650 |a Teatro Francés -  |x Historia y Crítica 
650 |a Literatura y Política -  |z Europa 
650 |a Literatura Renacentista -  |x Historia y Crítica -  |x Tema Principal 
650 |a Literatura Española -  |x Historia y Crítica 
650 |a Literatura Inglesa -  |x Historia y Crítica 
650 |a Literatura Francesa -  |x Historia y Crítica 
650 |a Literatura Europea -  |x Historia y Crítica -  |x Tema Principal 
910 |a Fondo General 
920 |a Impresos - Libros 
930 |a Libros Antiguos y Raros 
940 |a Literatura 
905 |a 108 
901 |a 0500258498  |b IT2  |c LRA  |i D75314  |u 20250526 
902 |a https://opac.biblio.iteso.mx/vufind/Record/000364851